| 000 | 01065cab a2200301 4500 | ||
|---|---|---|---|
| 001 | ABS60018 | ||
| 008 | 090401t1999 xxu||||| |||| 00| 0 eng d | ||
| 035 | _a(Sirsi) u91071 | ||
| 041 | _aeng | ||
| 100 | _aBishop, K. | ||
| 245 | _aUrban growth versus sustainability? The planners` conundrum | ||
| 260 | _c1999 | ||
| 350 | _a0 | ||
| 490 |
_aTown & Country Planning _v68(2) February 1999, 61-64(4) |
||
| 520 | _aDiscusses the idea of `environmental capacity` as a way of addressing the problem of reconciling demands for urban growth with the need for sustainability. Focuses on the authors` experience working with the town council of Stroud in Gloucestershire to assess the area`s environmental capacity. | ||
| 650 | _aENVIRONMENTAL CAPACITY | ||
| 650 | _aGLOUCESTERSHIRE | ||
| 650 | _aPLANNING SYSTEM | ||
| 650 | _aSTROUD | ||
| 650 |
_aSustainability _96271 |
||
| 650 | _aURBAN GROWTH | ||
| 650 | _aURBAN QUALITY | ||
| 690 | _aPLANNING LAW AND PRACTICE | ||
| 700 | _aBrown, A. | ||
| 700 | _aEssex, S. | ||
| 942 | _n0 | ||
| 948 | _c03/02/1999 | ||
| 999 |
_c57782 _d57782 |
||